Normal view
MARC view
Entry Personal Name
001 - CONTROL NUMBER
- control field: 32142
003 - CONTROL NUMBER IDENTIFIER
- control field: dpl
005 - DATE AND TIME OF LATEST TRANSACTION
- control field: 20110809164540.0
008 - FIXED-LENGTH DATA ELEMENTS
- fixed length control field: 110809|||a|||||| | ||| d
040 ## - CATALOGING SOURCE
- Original cataloging agency: dpl
- Transcribing agency: dpl
100 ## - HEADING--PERSONAL NAME
- Personal name: Cimino, Rosa Maria
670 ## - SOURCE DATA FOUND
- Source citation: Work cat.: (dpl)51369: Cimino, Rosa Maria, Wall paintings of Rajasthan :, 2001
670 ## - SOURCE DATA FOUND
- Source citation: Work cat.: (dpl)51369: Cimino, Rosa Maria, Wall paintings of Rajasthan :, 2001
